[Event "New Zealand Championship 2023"]
[Site "Wellington"]
[Date "2023.01.03"]
[Round "2.18"]
[White "Liu, William Rui"]
[Black "Zhang, Kendrick Botong"]
[Result "0-1"]
[WhiteElo "1908"]
[BlackElo "2071"]

1. e4 c5 2. Nf3 e6 3. d4 cxd4 4. Nxd4 Nc6 5. Nc3 Qc7 6. Be3 a6 7. Qd2 Nf6 8.
O-O-O Bb4 9. f3 Ne5 10. Qe1 Nc4 11. Bxc4 Qxc4 12. Qe2 Qc7 13. Bd2 d6 14. Kb1
Bc5 15. Nb3 O-O 16. g4 b5 17. g5 Nh5 18. Be3 Bxe3 19. Qxe3 b4 20. Ne2 f5 21.
Qd2 fxe4 22. fxe4 Qc4 23. Ng3 Nxg3 24. hxg3 Bb7 25. Na5 Qxe4 26. Nxb7 Qxb7 27.
Qxd6 Rae8 28. Rh4 a5 29. Qd3 g6 30. Rdh1 Re7 31. Re1 Qd5 32. Qe3 e5 33. Re4 Rd8
34. b3 Rde8 35. Rf1 Rc7 36. Re1 Rc3 37. Qe2 Rc5 38. Rd1 Qc6 39. Qd3 Rc8 40. Rd2
Rc3 41. Qe2 Rxg3 42. Rxe5 Rg1+ 43. Rd1 Rg2 44. Qc4+ Qxc4 45. bxc4 a4 46. Kb2
Rg4 47. c5 Rc4 48. Rdd5 Rc3 49. Kb1 a3 50. Re7 R3xc5 51. Rdd7 Rf5 52. Kc1 b3
53. axb3 Rf1+ 54. Kd2 a2 55. Rg7+ Kf8 56. Ra7 a1=Q 57. Rxa1 Rxa1 58. Rxh7 Rc5
59. b4 Rxg5 60. c4 Ra3 61. Kc2 Rg2+ 62. Kb1 Rb3+ 0-1

[Event "New Zealand Championship 2023"]
[Site "Wellington"]
[Date "2023.01.03"]
[Round "2.19"]
[White "Van der Hoorn, Thomas"]
[Black "Masters, Andrew D"]
[Result "1-0"]
[WhiteElo "2068"]
[BlackElo "1946"]

1. e4 e5 2. Nf3 Nf6 3. Nxe5 d6 4. Nf3 Nxe4 5. Nc3 Nxc3 6. dxc3 Be7 7. Bd3 Bg4
8. Be3 Nd7 9. h3 Be6 10. Qe2 c5 11. O-O O-O 12. Rad1 d5 13. c4 d4 14. Bf4 Bf6
15. Qe4 g6 16. Qxb7 Nb6 17. b3 Bg7 18. a4 Re8 19. Qc7 Qxc7 20. Bxc7 Nd7 21.
Rfe1 a5 22. Re2 Ra7 23. Bh2 f6 24. Rde1 Kf7 25. Nd2 f5 26. Nf3 h6 27. Ne5+ Nxe5
28. Bxe5 Bf8 29. f3 Bc8 30. g4 Ra6 31. Bg3 Rxe2 32. Rxe2 Bg7 33. Kf2 Rc6 34.
gxf5 gxf5 35. Bh4 Bf6 36. Bxf6 Kxf6 37. Kg3 f4+ 38. Kxf4 Bxh3 39. Rh2 1-0

[Event "New Zealand Championship 2023"]
[Site "Wellington"]
[Date "2023.01.03"]
[Round "2.20"]
[White "Vanheirzeele, Daniel"]
[Black "Yu, Zachary"]
[Result "1/2-1/2"]
[WhiteElo "2056"]
[BlackElo "1885"]

1. d4 Nf6 2. Nf3 d5 3. g3 e6 4. Bg2 c5 5. O-O Nc6 6. c4 dxc4 7. Ne5 Bd7 8. Na3
cxd4 9. Naxc4 Be7 10. Bf4 Nh5 11. Nxc6 Bxc6 12. Bxc6+ bxc6 13. Be5 c5 14. e3
Nf6 15. exd4 cxd4 16. Qxd4 Qxd4 17. Bxd4 O-O 18. Ne5 Rfc8 19. Rac1 Nd5 20. Nc6
a6 21. Rc4 f6 22. f4 Kf7 23. Rfc1 Rc7 24. Nxe7 1/2-1/2

[Event "New Zealand Championship 2023"]
[Site "Wellington"]
[Date "2023.01.03"]
[Round "2.21"]
[White "Wang, Justin Zhide"]
[Black "McDougall, Euan"]
[Result "1/2-1/2"]
[WhiteElo "1875"]
[BlackElo "1995"]

1. d4 Nf6 2. Nf3 e6 3. Bf4 c5 4. e3 Nc6 5. c3 Be7 6. Nbd2 Nh5 7. Bg3 Nxg3 8.
hxg3 d5 9. Bd3 h6 10. a3 c4 11. Bc2 Na5 12. e4 O-O 13. Ne5 Rb8 14. Qg4 f5 15.
exf5 exf5 16. Qh5 Nc6 17. f4 Nxe5 18. fxe5 Qb6 19. Rb1 f4 20. O-O Bg5 21. gxf4
Bxf4 22. g3 Be3+ 23. Kh2 Bg4 24. Qxg4 Bxd2 25. Qg6 Qxg6 26. Bxg6 b5 27. e6 Bg5
28. Rf7 Rxf7 29. exf7+ Kf8 30. Re1 Be7 31. g4 Rb6 32. Bf5 Kxf7 33. Kg3 a5 34.
Kf4 Bf6 35. Bd7 b4 36. Kf3 Be7 37. axb4 axb4 38. Re5 Rd6 39. Bb5 Kf8 40. Rf5+
{=} 40... Bf6 41. Ke2 Ke7 42. Rf1 Rb6 43. Ba4 bxc3 44. bxc3 Rb2+ 45. Kd1 Bg5
46. Bc2 Ra2 47. Rf3 Ra1+ 48. Ke2 Rg1 49. Bf5 Rg2+ 50. Ke1 Kd6 51. Kd1 Rg1+ 52.
Kc2 Rc1+ 53. Kb2 Rd1 54. Rf2 Re1 55. Kc2 Re3 56. Kb2 Bh4 57. Rg2 Be1 58. Rc2
Kc7 59. Bg6 Rg3 60. Bf5 g6 61. Bxg6 Rxg4 62. Bf7 Rg5 63. Rh2 Kd7 64. Rxh6 Ke7
65. Re6+ Kxf7 66. Rxe1 Kf6 67. Ka3 Rg3 {=} 68. Kb4 Rg2 69. Re3 Rg5 70. Kc5 Rf5
71. Kd6 Kf7 1/2-1/2

[Event "New Zealand Championship 2023"]
[Site "Wellington"]
[Date "2023.01.04"]
[Round "3.1"]
[White "Ker, Anthony F"]
[Black "Moradiabadi, Elshan"]
[Result "1/2-1/2"]
[WhiteElo "2425"]
[BlackElo "2514"]

1. e4 {[%clk 01:30:56] [%emt 00:00:03]} 1... c5 {[%clk 01:30:56] [%emt
00:00:05]} 2. Nc3 {[%clk 01:31:17] [%emt 00:00:09]} 2... e6 {[%clk 01:31:22]
[%emt 00:00:04]} 3. Nf3 {[%clk 01:31:38] [%emt 00:00:09]} 3... a6 {[%clk
01:31:48] [%emt 00:00:05]} 4. g3 {[%clk 01:31:32] [%emt 00:00:35]} 4... b5
{[%clk 01:29:33] [%emt 00:02:46]} 5. Bg2 {[%clk 01:31:18] [%emt 00:00:44]} 5...
Bb7 {[%clk 01:30:02] [%emt 00:00:01]} 6. d4 {[%clk 01:29:06] [%emt 00:02:41]}
6... Nf6 {[%clk 01:27:54] [%emt 00:02:38]} 7. Bg5 {[%clk 01:22:36] [%emt
00:07:00]} 7... cxd4 {[%clk 01:24:46] [%emt 00:03:38]} 8. Nxd4 {[%clk 01:22:58]
[%emt 00:00:08]} 8... b4 {[%clk 01:23:30] [%emt 00:01:45]} 9. Na4 {[%clk
01:19:42] [%emt 00:03:47]} 9... Qa5 {[%clk 01:23:55] [%emt 00:00:05]} 10. Bxf6
{[%clk 01:18:48] [%emt 00:01:23]} 10... gxf6 {[%clk 01:24:19] [%emt 00:00:06]}
11. b3 {[%clk 01:11:11] [%emt 00:08:07]} 11... h5 {[%clk 01:21:42] [%emt
00:03:07]} 12. O-O {[%clk 01:07:20] [%emt 00:04:21]} 12... h4 {[%clk 01:20:36]
[%emt 00:01:36]} 13. Re1 {[%clk 01:03:43] [%emt 00:04:06]} 13... hxg3 {[%clk
01:20:29] [%emt 00:00:38]} 14. hxg3 {[%clk 00:59:31] [%emt 00:04:42]} 14... Nc6
{[%clk 01:20:04] [%emt 00:00:55]} 15. Nb2 {[%clk 00:52:17] [%emt 00:07:44]}
15... Ne5 {[%clk 01:06:20] [%emt 00:14:14]} 16. Nf3 {[%clk 00:45:20] [%emt
00:07:27]} 16... Bc5 {[%clk 00:57:26] [%emt 00:09:25]} 17. Nd3 {[%clk 00:39:45]
[%emt 00:06:05]} 17... Nxf3+ {[%clk 00:50:31] [%emt 00:07:25]} 18. Bxf3 {[%clk
00:40:07] [%emt 00:00:07]} 18... Bd4 {[%clk 00:46:02] [%emt 00:05:00]} 19. Rb1
{[%clk 00:38:39] [%emt 00:01:58]} 19... Rc8 {[%clk 00:43:06] [%emt 00:03:27]}
20. Kg2 {[%clk 00:37:35] [%emt 00:01:32]} 20... Qb6 {[%clk 00:39:11] [%emt
00:04:25]} 21. Qe2 {[%clk 00:35:13] [%emt 00:02:52]} 21... Ke7 {[%clk 00:37:54]
[%emt 00:01:47]} 22. Rh1 {[%clk 00:31:01] [%emt 00:04:42]} 22... a5 {[%clk
00:35:44] [%emt 00:02:41]} 23. Rxh8 {[%clk 00:30:31] [%emt 00:00:59]} 23...
Rxh8 {[%clk 00:36:13] [%emt 00:00:02]} 24. Rh1 {[%clk 00:30:51] [%emt
00:00:09]} 24... Rc8 {[%clk 00:33:26] [%emt 00:03:17]} 25. Rh7 {[%clk 00:25:51]
[%emt 00:05:30]} 25... Qc6 {[%clk 00:32:44] [%emt 00:01:12]} 26. Ne1 {[%clk
00:26:16] [%emt 00:00:05]} 26... Ba6 {[%clk 00:28:18] [%emt 00:04:57]} 27. Qd1
{[%clk 00:25:46] [%emt 00:00:59]} 27... e5 {[%clk 00:28:38] [%emt 00:00:10]}
28. Rh4 {[%clk 00:19:32] [%emt 00:06:44]} 28... Qc5 {[%clk 00:27:25] [%emt
00:01:44]} 29. Be2 {[%clk 00:18:31] [%emt 00:01:31]} 29... Bb7 {[%clk 00:27:24]
[%emt 00:00:31]} 30. f3 {[%clk 00:18:44] [%emt 00:00:16]} 30... d5 {[%clk
00:21:48] [%emt 00:06:06]} 31. Bd3 {[%clk 00:17:58] [%emt 00:01:16]} 31... Bc3
{[%clk 00:18:43] [%emt 00:03:35]} 32. Qe2 {[%clk 00:16:03] [%emt 00:02:25]}
32... Bxe1 {[%clk 00:11:59] [%emt 00:07:14]} 33. Qxe1 {[%clk 00:16:20] [%emt
00:00:12]} 33... dxe4 {[%clk 00:12:28] [%emt 00:00:02]} 34. fxe4 {[%clk
00:13:48] [%emt 00:03:03]} 34... f5 {[%clk 00:12:57]} 35. Kh3 {[%clk 00:11:34]
[%emt 00:02:43]} 35... f4 {[%clk 00:08:42] [%emt 00:04:46]} 36. gxf4 {[%clk
00:06:22] [%emt 00:05:41]} 36... exf4 {[%clk 00:09:11]} 37. Rxf4 {[%clk
00:06:18] [%emt 00:00:34]} 37... Rh8+ {[%clk 00:08:44] [%emt 00:00:57]} 38. Kg2
{[%clk 00:04:51] [%emt 00:01:57]} 38... Qh5 {[%clk 00:05:32] [%emt 00:03:44]}
39. Kf2 {[%clk 00:04:08] [%emt 00:01:11]} 39... Qg5 {[%clk 00:01:27] [%emt
00:04:36]} 40. Qe3 {[%clk 00:33:53] [%emt 00:00:45]} 40... Rh2+ {[%clk
00:31:46] [%emt 00:00:11]} 41. Ke1 {[%clk 00:32:33] [%emt 00:01:50]} 41... Qe5
{[%clk 00:30:07] [%emt 00:02:08]} 42. Rf2 {[%clk 00:30:01] [%emt 00:03:01]}
42... Rh1+ {[%clk 00:28:16] [%emt 00:02:22]} 43. Ke2 {[%clk 00:28:31] [%emt
00:02:00]} 43... Qh5+ {[%clk 00:24:57] [%emt 00:03:50]} 44. Qf3 {[%clk
00:25:43] [%emt 00:03:18]} 44... Qxf3+ {[%clk 00:24:48] [%emt 00:00:39]} 45.
Kxf3 {[%clk 00:24:28] [%emt 00:01:44]} 45... Ra1 {[%clk 00:24:53] [%emt
00:00:25]} 46. c4 {[%clk 00:23:40] [%emt 00:01:18]} 46... bxc3 {[%clk 00:24:03]
[%emt 00:01:20]} 47. Ke3 {[%clk 00:23:35] [%emt 00:00:34]} 47... Rh1 {[%clk
00:19:55] [%emt 00:04:39]} 48. Rc2 {[%clk 00:20:08] [%emt 00:03:57]} 48... Rh3+
{[%clk 00:19:22] [%emt 00:01:04]} 49. Kd4 {[%clk 00:20:14] [%emt 00:00:28]}
49... Rh4 {[%clk 00:19:50]} 50. Kxc3 {[%clk 00:17:37] [%emt 00:03:06]} 50...
Bxe4 {[%clk 00:18:55] [%emt 00:01:24]} 51. Re2 {[%clk 00:17:58] [%emt
00:00:09]} 51... f5 {[%clk 00:19:23] [%emt 00:00:02]} 52. Kd4 {[%clk 00:16:33]
[%emt 00:01:54]} 52... Kd6 {[%clk 00:19:53] [%emt 00:00:01]} 53. Bxe4 {[%clk
00:16:53] [%emt 00:00:09]} 53... fxe4 {[%clk 00:20:22]} 54. Rxe4 {[%clk
00:17:14] [%emt 00:00:09]} 54... Rh2 {[%clk 00:20:51] [%emt 00:00:01]} 55. a4
{[%clk 00:17:10] [%emt 00:00:34]} 55... Rh3 {[%clk 00:20:30] [%emt 00:00:51]}
56. Kc4 {[%clk 00:17:26] [%emt 00:00:15]} 56... Kc6 {[%clk 00:20:59]} 57. Re6+
{[%clk 00:16:57] [%emt 00:00:58]} 57... Kb7 {[%clk 00:21:28]} 58. Rd6 {[%clk
00:17:01] [%emt 00:00:27]} 58... Rg3 {[%clk 00:21:51] [%emt 00:00:07]} 59. Rd3
{[%clk 00:14:43] [%emt 00:02:48]} 59... Rg4+ {[%clk 00:22:09] [%emt 00:00:12]}
60. Kb5 {[%clk 00:11:41] [%emt 00:03:33]} 60... Rg5+ {[%clk 00:22:38] [%emt
00:00:04]} 61. Kc4 {[%clk 00:11:59] [%emt 00:00:09]} 61... Rg4+ {[%clk
00:23:05] [%emt 00:00:03]} 62. Kb5 {[%clk 00:11:49] [%emt 00:00:09]} 1/2-1/2

[Event "New Zealand Championship 2023"]
[Site "Wellington"]
[Date "2023.01.04"]
[Round "3.2"]
[White "Gong, Daniel Hanwen"]
[Black "Shoker, Samy"]
[Result "1/2-1/2"]
[WhiteElo "2388"]
[BlackElo "2491"]

1. Nf3 {[%clk 01:30:54] [%emt 00:00:06]} 1... d6 {[%clk 01:30:18] [%emt
00:00:42]} 2. d4 {[%clk 01:31:18] [%emt 00:00:06]} 2... g6 {[%clk 01:29:52]
[%emt 00:00:56]} 3. g3 {[%clk 01:31:28] [%emt 00:00:20]} 3... Bg7 {[%clk
01:29:38] [%emt 00:00:44]} 4. Bg2 {[%clk 01:31:52] [%emt 00:00:05]} 4... Nf6
{[%clk 01:30:01] [%emt 00:00:08]} 5. O-O {[%clk 01:32:14] [%emt 00:00:08]} 5...
O-O {[%clk 01:30:25] [%emt 00:00:05]} 6. c4 {[%clk 01:32:41] [%emt 00:00:04]}
6... Nc6 {[%clk 01:27:31] [%emt 00:03:24]} 7. Nc3 {[%clk 01:32:57] [%emt
00:00:14]} 7... a6 {[%clk 01:26:49] [%emt 00:01:12]} 8. d5 {[%clk 01:33:22]
[%emt 00:00:05]} 8... Na5 {[%clk 01:27:04] [%emt 00:00:16]} 9. b3 {[%clk
01:33:48] [%emt 00:00:04]} 9... Bd7 {[%clk 01:21:32] [%emt 00:06:01]} 10. Nd4
{[%clk 01:29:58] [%emt 00:04:20]} 10... Rb8 {[%clk 01:18:11] [%emt 00:03:51]}
11. Qd3 {[%clk 01:25:14] [%emt 00:05:14]} 11... c5 {[%clk 01:17:30] [%emt
00:01:11]} 12. dxc6 {[%clk 01:25:39] [%emt 00:00:05]} 12... bxc6 {[%clk
01:16:50] [%emt 00:01:09]} 13. Bb2 {[%clk 01:22:44] [%emt 00:03:25]} 13... c5
{[%clk 01:05:39] [%emt 00:11:42]} 14. Nc2 {[%clk 01:21:08] [%emt 00:02:06]}
14... Nc6 {[%clk 00:59:34] [%emt 00:06:34]} 15. Nd5 {[%clk 01:17:10] [%emt
00:04:28]} 15... Nxd5 {[%clk 00:56:17] [%emt 00:03:47]} 16. Bxg7 {[%clk
01:17:34] [%emt 00:00:06]} 16... Nf4 {[%clk 00:56:00] [%emt 00:00:47]} 17. gxf4
{[%clk 01:17:39] [%emt 00:00:25]} 17... Kxg7 {[%clk 00:56:26] [%emt 00:00:05]}
18. e4 {[%clk 01:15:56] [%emt 00:02:13]} 18... Qc7 {[%clk 00:49:15] [%emt
00:07:40]} 19. Rad1 {[%clk 01:13:37] [%emt 00:02:49]} 19... Rbd8 {[%clk
00:49:14] [%emt 00:00:32]} 20. Rfe1 {[%clk 01:02:16] [%emt 00:11:51]} 20... Bc8
{[%clk 00:40:42] [%emt 00:09:01]} 21. Qe3 {[%clk 00:46:23] [%emt 00:16:24]}
21... f6 {[%clk 00:38:43] [%emt 00:02:29]} 22. e5 {[%clk 00:45:27] [%emt
00:01:26]} 22... Bg4 {[%clk 00:16:49] [%emt 00:22:23]} 23. exd6 {[%clk
00:40:44] [%emt 00:05:15]} 23... exd6 {[%clk 00:17:10] [%emt 00:00:09]} 24. Rc1
{[%clk 00:32:23] [%emt 00:08:51]} 24... Bf5 {[%clk 00:15:20] [%emt 00:02:19]}
25. Qf3 {[%clk 00:28:19] [%emt 00:04:35]} 25... Nb4 {[%clk 00:13:16] [%emt
00:02:33]} 26. Nxb4 {[%clk 00:28:30] [%emt 00:00:19]} 26... cxb4 {[%clk
00:13:45]} 27. Qc6 {[%clk 00:22:06] [%emt 00:06:53]} 27... Qxc6 {[%clk
00:13:47] [%emt 00:00:28]} 28. Bxc6 {[%clk 00:22:33] [%emt 00:00:03]} 28... Rc8
{[%clk 00:13:46] [%emt 00:00:30]} 29. Ba4 {[%clk 00:22:19] [%emt 00:00:45]}
29... Kf7 {[%clk 00:10:10] [%emt 00:04:05]} 30. Rcd1 {[%clk 00:22:35] [%emt
00:00:15]} 30... Rfd8 {[%clk 00:10:17] [%emt 00:00:22]} 31. Rd4 {[%clk
00:14:27] [%emt 00:08:38]} 31... Rc5 {[%clk 00:10:25] [%emt 00:00:22]} 32. Red1
{[%clk 00:11:09] [%emt 00:03:49]} 32... Ke7 {[%clk 00:10:54] [%emt 00:00:01]}
33. Re1+ {[%clk 00:09:12] [%emt 00:02:26]} 33... Kf7 {[%clk 00:11:23] [%emt
00:00:01]} 34. Red1 {[%clk 00:06:55] [%emt 00:02:47]} 1/2-1/2